[Event "Erfurt op-A 29th"]
[Site "Erfurt"]
[Date "2019.12.29"]
[Round "6"]
[White "Gruender, Michael"]
[Black "Arnhold, Steffi"]
[Result "1/2-1/2"]
[WhiteElo "1902"]
[BlackElo "2018"]
[PlyCount "78"]
[EventDate "2019.12.26"]
[EventType "swiss"]
[EventRounds "8"]
[EventCountry "GER"]
[SourceTitle "CBM 194 Extra"]
[Source "ChessBase"]
[SourceDate "2020.03.31"]
[SourceVersion "1"]
[SourceVersionDate "2020.03.31"]
[SourceQuality "1"]

1. Nf3 Nf6 2. c4 e6 3. g3 d5 4. Bg2 Be7 5. 0-0 0-0 6. d4 dxc4 7. Qc2 a6 8. Qxc4 b5 9. Qc2 Bb7 10. Bd2 Nbd7 11. Ba5 Rc8 12. Rd1 Qe8 13. b4 Nb6 14. Nbd2 Nfd5 15. a3 Na4 16. Rac1 f5 17. Qb3 Bd6 18. Ne5 Bxe5 19. dxe5 Qf7 20. e4 fxe4 21. Nxe4 Ndc3 22. Rxc3 Nxc3 23. Qxc3 Bxe4 24. Bxe4 Qxf2+ 25. Kh1 Rcd8 26. Rg1 Rd2 27. Bg2 Rc2 28. Qd3 Re2 29. Qd1 Rd2 30. Qe1 Rc2 31. Qd1 h6 32. Qd7 Re2 33. Qd1 Rd2 34. Qe1 Rc2 35. Qd1 Kh8 36. Qd7 Re2 37. Qd1 Rc2 38. Qd7 Re2 39. Qd1 Rc2 1/2-1/2

[Event "Niedersachsen-ch op-B"]
[Site "Verden"]
[Date "2017.01.06"]
[Round "4"]
[White "Gruender, Michael"]
[Black "Harms, Friedjof"]
[Result "1/2-1/2"]
[WhiteElo "2005"]
[BlackElo "1875"]
[PlyCount "30"]
[EventDate "2017.01.05"]
[EventType "swiss"]
[EventRounds "7"]
[EventCountry "GER"]
[SourceTitle "CBM 187 Extra"]
[Source "ChessBase"]
[SourceDate "2018.11.04"]
[SourceVersion "1"]
[SourceVersionDate "2018.11.04"]
[SourceQuality "1"]

1. Nf3 Nf6 2. c4 g6 3. g3 Bg7 4. Bg2 0-0 5. 0-0 c5 6. Nc3 d5 7. cxd5 Nxd5 8. d4 cxd4 9. Nxd4 Nxc3 10. bxc3 e5 11. Nb5 Qa5 12. a4 Rd8 13. Qc2 Bf5 14. e4 Be6 15. Be3 Nc6 1/2-1/2

[Event "Niedersachsen-ch op-B"]
[Site "Verden"]
[Date "2017.01.06"]
[Round "3"]
[White "Helmer, Jan"]
[Black "Gruender, Michael"]
[Result "1/2-1/2"]
[WhiteElo "1772"]
[BlackElo "2005"]
[PlyCount "64"]
[EventDate "2017.01.05"]
[EventType "swiss"]
[EventRounds "7"]
[EventCountry "GER"]
[SourceTitle "CBM 187 Extra"]
[Source "ChessBase"]
[SourceDate "2018.11.04"]
[SourceVersion "1"]
[SourceVersionDate "2018.11.04"]
[SourceQuality "1"]

1. d4 g6 2. Nf3 Bg7 3. Nc3 d6 4. e4 a6 5. Be3 b5 6. h3 Bb7 7. a3 Nd7 8. g4 Ngf6 9. Nd2 c5 10. d5 Nb6 11. Bg2 e6 12. dxe6 fxe6 13. g5 Nfd7 14. f4 Qc7 15. 0-0 0-0-0 16. f5 exf5 17. exf5 Bxg2 18. Kxg2 gxf5 19. Rxf5 Ne5 20. Qh5 Qb7+ 21. Kh2 Nd5 22. Nxd5 Qxd5 23. Raf1 Qe6 24. Qe2 Rhf8 25. Rxf8 Rxf8 26. Rxf8+ Bxf8 27. Qf2 Bg7 28. Qg2 Kb8 29. Bf4 Qf5 30. Qe4 Qxe4 31. Nxe4 Kc7 32. b3 Kd7 1/2-1/2

[Event "Niedersachsen-ch op"]
[Site "Verden"]
[Date "2016.01.05"]
[Round "6"]
[White "Gruender, Michael"]
[Black "Graf, Lucas"]
[Result "1/2-1/2"]
[WhiteElo "2016"]
[BlackElo "1761"]
[PlyCount "62"]
[EventDate "2016.01.03"]
[EventType "swiss"]
[EventRounds "7"]
[EventCountry "GER"]
[SourceTitle "EXT 2018"]
[Source "ChessBase"]
[SourceDate "2017.10.13"]
[SourceVersion "1"]
[SourceVersionDate "2017.10.13"]
[SourceQuality "1"]

1. Nf3 Nf6 2. c4 g6 3. g3 Bg7 4. Bg2 0-0 5. 0-0 d6 6. d4 Nbd7 7. Nc3 e5 8. e4 c6 9. h3 Qb6 10. Re1 Re8 11. dxe5 Nxe5 12. Nxe5 dxe5 13. Qc2 Be6 14. Bf1 Qc7 15. Be3 Red8 16. Red1 b6 17. a4 h6 18. Rxd8+ Rxd8 19. a5 Nd7 20. axb6 axb6 21. Ra6 Rb8 22. b4 Bf8 23. Qa4 Kh7 24. b5 cxb5 25. Qxb5 Nc5 26. Ra1 Bd7 27. Qb2 Bc6 28. f3 Qd7 29. Rd1 Qc7 30. Ra1 Qd7 31. Rd1 Qc7 1/2-1/2

[Event "Niedersachsen-ch op"]
[Site "Verden"]
[Date "2016.01.04"]
[Round "3"]
[White "Brunner, Wilken"]
[Black "Gruender, Michael"]
[Result "1/2-1/2"]
[WhiteElo "1756"]
[BlackElo "2016"]
[PlyCount "30"]
[EventDate "2016.01.03"]
[EventType "swiss"]
[EventRounds "7"]
[EventCountry "GER"]
[SourceTitle "EXT 2018"]
[Source "ChessBase"]
[SourceDate "2017.10.13"]
[SourceVersion "1"]
[SourceVersionDate "2017.10.13"]
[SourceQuality "1"]

1. d4 g6 2. c4 Bg7 3. Nf3 d6 4. e4 Nd7 5. Nc3 e5 6. Be2 Nh6 7. h4 f6 8. h5 g5 9. dxe5 dxe5 10. Qc2 c6 11. Be3 Bf8 12. Rd1 Qc7 13. Na4 Ng4 14. Bd2 Nc5 15. Nh2 Nxh2 1/2-1/2

[Event "W-ch Disabled"]
[Site "Dresden"]
[Date "2015.10.21"]
[Round "4"]
[White "Mate, Balazs"]
[Black "Gruender, Michael"]
[Result "1-0"]
[WhiteElo "2121"]
[BlackElo "1999"]
[PlyCount "83"]
[EventDate "2015.10.18"]
[EventType "swiss"]
[EventRounds "7"]
[EventCountry "GER"]
[SourceTitle "CBM 168 Extra"]
[Source "ChessBase"]
[SourceDate "2015.10.29"]
[SourceVersion "1"]
[SourceVersionDate "2015.10.29"]
[SourceQuality "1"]

1. e4 g6 2. d4 Bg7 3. Nc3 d6 4. f4 a6 5. Nf3 b5 6. a3 Nd7 7. Be2 c5 8. 0-0 cxd4 9. Nxd4 Bb7 10. Bf3 Ngf6 11. Be3 Rc8 12. Rb1 Nc5 13. e5 dxe5 14. Bxb7 Nxb7 15. fxe5 Rxc3 16. bxc3 Nd5 17. Qf3 0-0 18. Bf2 Na5 19. e6 fxe6 20. Qh3 Nf4 21. Qg4 e5 22. Nb3 h5 23. Qf3 Nc4 24. Rbd1 Qc8 25. Bc5 Kh7 26. Kh1 Ne6 27. Qh3 Nxc5 28. Rxf8 Qxh3 29. gxh3 Bxf8 30. Nxc5 Nd6 31. Nxa6 Bh6 32. Re1 e4 33. Re2 Bc1 34. Nc5 e3 35. Nb3 Bxa3 36. Rxe3 Nc4 37. Rd3 Kg7 38. Rd5 Nd6 39. Nd4 Bb2 40. Nxb5 Nxb5 41. Rxb5 Bxc3 42. Kg2 1-0

[Event "Niedersachsen-ch"]
[Site "Verden"]
[Date "2015.01.03"]
[Round "3"]
[White "Hesse, Juergen"]
[Black "Gruender, Michael"]
[Result "0-1"]
[WhiteElo "2025"]
[BlackElo "2025"]
[PlyCount "50"]
[EventDate "2015.01.02"]
[EventType "swiss"]
[EventRounds "7"]
[EventCountry "GER"]
[SourceTitle "EXT 2018"]
[Source "ChessBase"]
[SourceDate "2017.10.13"]
[SourceVersion "1"]
[SourceVersionDate "2017.10.13"]
[SourceQuality "1"]

1. e4 g6 2. d4 Bg7 3. c4 d6 4. Nc3 Nc6 5. Be3 e5 6. d5 Nd4 7. Nb5 c5 8. Bd3 Nf6 9. f3 0-0 10. h4 Nh5 11. g4 Nf4 12. Qd2 Nxd3+ 13. Qxd3 f5 14. gxf5 gxf5 15. 0-0-0 Nxb5 16. cxb5 Qa5 17. Qc4 Bd7 18. a4 a6 19. bxa6 Rxa6 20. b3 b5 21. axb5 Bxb5 22. Qc2 Rfa8 23. Ne2 Qa3+ 24. Kd2 Qb4+ 25. Qc3 Ra2+ 0-1

[Event "WchT Silent"]
[Site "Opatija"]
[Date "2014.06.25"]
[Round "7.1"]
[White "Gruender, Michael"]
[Black "Shajakhmetov, Linat"]
[Result "1/2-1/2"]
[WhiteElo "2008"]
[BlackElo "2079"]
[PlyCount "62"]
[EventDate "2014.06.19"]
[EventType "team-swiss"]
[EventRounds "9"]
[EventCountry "CRO"]
[SourceTitle "CBM 161 Extra"]
[Source "ChessBase"]
[SourceDate "2014.08.29"]
[SourceVersion "1"]
[SourceVersionDate "2014.08.29"]
[SourceQuality "1"]
[WhiteTeam "Germany"]
[BlackTeam "Russia"]
[WhiteTeamCountry "GER"]
[BlackTeamCountry "RUS"]

1. Nf3 d6 2. c4 e5 3. Nc3 f5 4. d4 e4 5. Ng5 Be7 6. Nh3 Nf6 7. f3 0-0 8. Nf2 exf3 9. exf3 c6 10. Be2 Be6 11. 0-0 d5 12. Nd3 dxc4 13. Ne5 b5 14. a4 Nd5 15. Re1 Nxc3 16. bxc3 Bd5 17. f4 a5 18. Bf3 Ra7 19. Bd2 Bf6 20. Qb1 Bxf3 21. gxf3 Bh4 22. Re2 Qd5 23. Be1 Bxe1 24. Qxe1 b4 25. Rb2 c5 26. dxc5 Qxc5+ 27. Qf2 Qxf2+ 28. Kxf2 Rc8 29. Rd1 b3 30. Rd4 Rac7 31. Rbd2 Nc6 1/2-1/2

[Event "Oberliga Nord W 1314"]
[Site "Germany"]
[Date "2014.03.16"]
[Round "8.8"]
[White "Luebsen, Keno"]
[Black "Gruender, Michael"]
[Result "1-0"]
[WhiteElo "2013"]
[BlackElo "2024"]
[PlyCount "63"]
[EventDate "2013.10.13"]
[EventType "team-tourn"]
[EventRounds "9"]
[EventCountry "GER"]
[SourceTitle "EXT 2015"]
[Source "ChessBase"]
[SourceDate "2014.11.20"]
[SourceVersion "1"]
[SourceVersionDate "2014.11.20"]
[SourceQuality "1"]
[WhiteTeam "Delmenhorst"]
[BlackTeam "Hannover SF"]
[WhiteTeamCountry "GER"]
[BlackTeamCountry "GER"]

1. d4 g6 2. Nf3 Bg7 3. c4 d6 4. g3 Nd7 5. Bg2 e5 6. Nc3 Nh6 7. e4 f6 8. 0-0 0-0 9. h3 Nf7 10. Be3 c6 11. Qc2 Re8 12. Rad1 Qc7 13. b3 Nf8 14. c5 dxc5 15. dxe5 fxe5 16. Bxc5 Bh6 17. Ba3 Qa5 18. Bd6 Nxd6 19. Rxd6 Ne6 20. Rfd1 Bf8 21. R6d3 Bg7 22. Na4 Nd4 23. Nxd4 exd4 24. f4 b6 25. e5 Bf5 26. Qc4+ Kh8 27. Rxd4 b5 28. Qc3 Qxc3 29. Nxc3 Rac8 30. g4 c5 31. Rd6 c4 32. bxc4 1-0

[Event "Niedersachsen-ch op-A"]
[Site "Verden"]
[Date "2014.01.03"]
[Round "4"]
[White "Franke, Dirk"]
[Black "Gruender, Michael"]
[Result "1/2-1/2"]
[WhiteElo "1651"]
[BlackElo "2006"]
[PlyCount "42"]
[EventDate "2014.01.02"]
[EventType "swiss"]
[EventRounds "7"]
[EventCountry "GER"]
[SourceTitle "EXT 2016"]
[Source "ChessBase"]
[SourceDate "2015.10.08"]
[SourceVersion "1"]
[SourceVersionDate "2015.10.08"]
[SourceQuality "1"]

1. Nf3 g6 2. d4 Bg7 3. c4 d6 4. Nc3 Nd7 5. e4 e5 6. d5 Nh6 7. Bd3 0-0 8. Bg5 f6 9. Bh4 Nf7 10. 0-0 Re8 11. b4 Nf8 12. Nd2 g5 13. Bg3 Ng6 14. f3 h5 15. c5 Nf4 16. Bc2 Bf8 17. Bf2 Nh6 18. Be3 Re7 19. g3 Ng6 20. Kf2 g4 21. f4 f5 1/2-1/2

[Event "Niedersachsen-ch op-A"]
[Site "Verden"]
[Date "2014.01.03"]
[Round "3"]
[White "Gruender, Michael"]
[Black "Braje, Monika"]
[Result "1-0"]
[WhiteElo "2006"]
[BlackElo "1793"]
[PlyCount "67"]
[EventDate "2014.01.02"]
[EventType "swiss"]
[EventRounds "7"]
[EventCountry "GER"]
[SourceTitle "EXT 2016"]
[Source "ChessBase"]
[SourceDate "2015.10.08"]
[SourceVersion "1"]
[SourceVersionDate "2015.10.08"]
[SourceQuality "1"]

1. Nf3 d5 2. c4 d4 3. e3 dxe3 4. fxe3 Bg4 5. Be2 e6 6. 0-0 Nc6 7. d4 Nf6 8. Nc3 Be7 9. d5 exd5 10. cxd5 Bxf3 11. Bxf3 Ne5 12. e4 0-0 13. Be3 c6 14. Qb3 cxd5 15. exd5 b6 16. Rad1 Rc8 17. Kh1 Qd7 18. Be2 Bd6 19. h3 Rfd8 20. Bg5 Bb8 21. Bxf6 gxf6 22. Ne4 Qe7 23. Nxf6+ Kh8 24. Qg3 Ng6 25. Qd3 Qe5 26. g3 Qxg3 27. Qxg3 Bxg3 28. Ne4 Be5 29. Rxf7 Rc2 30. Bg4 h6 31. Bf5 Nh4 32. Rh7+ Kg8 33. Nf6+ Bxf6 34. Bxc2 1-0

[Event "Niedersachsen-ch op-A"]
[Site "Verden"]
[Date "2013.01.03"]
[Round "2"]
[White "Gruender, Michael"]
[Black "Mildner, Ramon"]
[Result "1-0"]
[WhiteElo "2022"]
[BlackElo "1630"]
[PlyCount "69"]
[EventDate "2013.01.03"]
[EventType "swiss"]
[EventRounds "7"]
[EventCountry "GER"]
[SourceTitle "EXT 2014"]
[Source "ChessBase"]
[SourceDate "2013.11.20"]
[SourceVersion "1"]
[SourceVersionDate "2013.11.20"]
[SourceQuality "1"]

1. Nf3 d5 2. c4 e6 3. g3 Nf6 4. Bg2 c6 5. Qc2 Nbd7 6. d4 Bd6 7. 0-0 0-0 8. Rd1 Re8 9. Nc3 h6 10. e4 dxe4 11. Nxe4 Nxe4 12. Qxe4 Nf6 13. Qe2 Bd7 14. Bd2 Qb8 15. Bc3 a5 16. Ne5 Qc7 17. Rac1 a4 18. h4 Rad8 19. g4 Nh7 20. Be4 f5 21. Bg2 Bxe5 22. dxe5 fxg4 23. Qxg4 Re7 24. Rd6 Rf7 25. Rcd1 Nf8 26. Qg3 b5 27. cxb5 cxb5 28. Bd2 h5 29. Bc3 Rb8 30. Qg5 b4 31. Bd4 b3 32. a3 Rf5 33. Qe3 Qc2 34. Bc3 Rf7 35. Be4 1-0

[Event "Hannover-chC"]
[Site "Lehrte"]
[Date "2012.10.22"]
[Round "5"]
[White "Gruender, Michael"]
[Black "Kiesel, Harald"]
[Result "1/2-1/2"]
[WhiteElo "1873"]
[BlackElo "2078"]
[PlyCount "99"]
[EventDate "2012.10.21"]
[EventType "swiss"]
[EventRounds "7"]
[EventCountry "GER"]
[SourceTitle "EXT 2021"]
[Source "ChessBase"]
[SourceDate "2020.10.23"]
[SourceVersion "1"]
[SourceVersionDate "2020.10.23"]
[SourceQuality "1"]

1. Nf3 e6 2. c4 d5 3. g3 c5 4. cxd5 exd5 5. d4 Nc6 6. Nc3 Nf6 7. Bg2 Be7 8. 0-0 0-0 9. Bg5 cxd4 10. Nxd4 h6 11. Bf4 Bg4 12. h3 Be6 13. Qa4 Qb6 14. Nxe6 fxe6 15. Qb5 d4 16. Qxb6 axb6 17. Nb5 e5 18. Bd2 Rfd8 19. Rfd1 e4 20. e3 dxe3 21. fxe3 Bc5 22. Kf1 Ne5 23. b4 Be7 24. a3 Nc4 25. Ke2 Nh5 26. Be1 Bf6 27. Rab1 Rxd1 28. Rxd1 Bg5 29. Bxe4 Nxe3 30. Rd3 Nf6 31. Bxb7 Re8 32. Kf3 Nc4 33. Bc3 Ne5+ 34. Bxe5 Rxe5 35. Nc3 h5 36. Ne4 Nxe4 37. Bxe4 Kf8 38. Rd7 b5 39. Rd1 Ke7 40. h4 Bh6 41. Rd3 Bc1 42. Bc6 g5 43. hxg5 Bxg5 44. a4 bxa4 45. Bxa4 Kf7 46. Bc6 Be7 47. b5 Bc5 48. Rd7+ Kf6 49. Bd5 Re7 50. Rxe7 1/2-1/2

[Event "Hannover-chC"]
[Site "Lehrte"]
[Date "2012.10.21"]
[Round "4"]
[White "Ehlert, Horst"]
[Black "Gruender, Michael"]
[Result "1/2-1/2"]
[WhiteElo "1936"]
[BlackElo "1873"]
[PlyCount "51"]
[EventDate "2012.10.21"]
[EventType "swiss"]
[EventRounds "7"]
[EventCountry "GER"]
[SourceTitle "EXT 2021"]
[Source "ChessBase"]
[SourceDate "2020.10.23"]
[SourceVersion "1"]
[SourceVersionDate "2020.10.23"]
[SourceQuality "1"]

1. d4 g6 2. g3 Bg7 3. Bg2 c5 4. Nf3 cxd4 5. Nxd4 Nc6 6. Nb3 b6 7. 0-0 Bb7 8. e4 Rc8 9. Re1 d6 10. c3 Qc7 11. Na3 Qb8 12. Be3 Nf6 13. Qd2 h5 14. h3 Ne5 15. Bg5 Nc4 16. Nxc4 Rxc4 17. Nd4 Rc5 18. Rad1 a6 19. Bxf6 Bxf6 20. Qe3 b5 21. Nb3 Rc8 22. Qb6 Qc7 23. Qxc7 Rxc7 24. Na5 Bc8 25. f4 0-0 26. e5 1/2-1/2

[Event "Daehne Cup Region II Rest"]
[Site "Hannover"]
[Date "2012.02.27"]
[Round "3"]
[White "Gruender, Michael"]
[Black "Kiesewetter, Oliver"]
[Result "0-1"]
[WhiteElo "1977"]
[BlackElo "1865"]
[PlyCount "48"]
[EventDate "2012.02.??"]
[EventType "swiss"]
[EventCountry "GER"]
[SourceTitle "EXT 2022"]
[Source "ChessBase"]
[SourceDate "2021.10.06"]
[SourceVersion "1"]
[SourceVersionDate "2021.10.06"]
[SourceQuality "1"]

1. Nf3 d5 2. b4 Bf5 3. Bb2 e6 4. b5 Nf6 5. e3 Be7 6. Be2 h6 7. 0-0 0-0 8. a4 Nbd7 9. a5 Nc5 10. Nd4 Bh7 11. a6 Qc8 12. axb7 Qxb7 13. f4 Bd6 14. d3 a6 15. c4 axb5 16. cxb5 c6 17. Nc3 Rxa1 18. Bxa1 cxb5 19. Ncxb5 Be7 20. Qc2 Ra8 21. Rb1 Qb6 22. Nc3 Qa6 23. e4 dxe4 24. dxe4 Qd6 0-1

[Event "Niedersachsen-ch op-B"]
[Site "Verden"]
[Date "2012.01.03"]
[Round "3"]
[White "Kuenitz, Bernhard"]
[Black "Gruender, Michael"]
[Result "0-1"]
[WhiteElo "1882"]
[BlackElo "2035"]
[PlyCount "52"]
[EventDate "2012.01.02"]
[EventType "swiss"]
[EventRounds "7"]
[EventCountry "GER"]
[SourceTitle "EXT 2021"]
[Source "ChessBase"]
[SourceDate "2020.10.23"]
[SourceVersion "1"]
[SourceVersionDate "2020.10.23"]
[SourceQuality "1"]

1. c4 g6 2. Nc3 Bg7 3. g3 d6 4. Bg2 e5 5. d3 f5 6. f4 Nh6 7. e4 0-0 8. Nge2 c6 9. Qb3 Nf7 10. 0-0 Nd7 11. Be3 Nc5 12. Bxc5 dxc5 13. Rad1 g5 14. Kh1 gxf4 15. gxf4 Qh4 16. exf5 Nd6 17. Be4 Bxf5 18. Qc2 Bh3 19. Rg1 exf4 20. Bf3 Nf5 21. Rde1 Rae8 22. Qd2 Re3 23. Be4 f3 24. Bxf5 Bg2+ 25. Rxg2 fxg2+ 26. Kxg2 Qg5+ 0-1

[Event "Niedersachsen-ch op-B"]
[Site "Verden"]
[Date "2012.01.02"]
[Round "2"]
[White "Gruender, Michael"]
[Black "Brehm, Stefan"]
[Result "1/2-1/2"]
[WhiteElo "2035"]
[BlackElo "1763"]
[PlyCount "65"]
[EventDate "2012.01.02"]
[EventType "swiss"]
[EventRounds "7"]
[EventCountry "GER"]
[SourceTitle "EXT 2021"]
[Source "ChessBase"]
[SourceDate "2020.10.23"]
[SourceVersion "1"]
[SourceVersionDate "2020.10.23"]
[SourceQuality "1"]

1. Nf3 Nf6 2. c4 c5 3. g3 Nc6 4. Bg2 g6 5. Nc3 Bg7 6. 0-0 0-0 7. d4 cxd4 8. Nxd4 Nxd4 9. Qxd4 d6 10. Qd3 Rb8 11. Bf4 b6 12. Rfd1 Bb7 13. e4 Nd7 14. Rac1 Ne5 15. Qe2 Qe8 16. Bg5 h6 17. Be3 Nc6 18. Nd5 Kh7 19. f4 Bc8 20. b3 Be6 21. Nc7 Qc8 22. Nxe6 Qxe6 23. h4 Nd8 24. Qf2 f6 25. f5 Qf7 26. fxg6+ Qxg6 27. Qf5 Rg8 28. Bf4 Bf8 29. h5 Qxf5 30. exf5 Rc8 31. Bd5 Rg4 32. Kf2 Rg7 33. Kf3 1/2-1/2

[Event "Niedersachsen-ch op-B"]
[Site "Verden"]
[Date "2012.01.02"]
[Round "1"]
[White "Vlassenko, Viktor"]
[Black "Gruender, Michael"]
[Result "0-1"]
[WhiteElo "1716"]
[BlackElo "2035"]
[PlyCount "64"]
[EventDate "2012.01.02"]
[EventType "swiss"]
[EventRounds "7"]
[EventCountry "GER"]
[SourceTitle "EXT 2021"]
[Source "ChessBase"]
[SourceDate "2020.10.23"]
[SourceVersion "1"]
[SourceVersionDate "2020.10.23"]
[SourceQuality "1"]

1. e4 c5 2. Nf3 Nc6 3. c3 Qa5 4. Bc4 e6 5. d3 Nf6 6. Nbd2 d5 7. exd5 exd5 8. Bb3 Be7 9. 0-0 0-0 10. Re1 h6 11. Nf1 Qc7 12. h3 Be6 13. d4 Rad8 14. Be3 Na5 15. Bc2 Nc4 16. Qc1 Nxe3 17. Qxe3 Rfe8 18. Ne5 cxd4 19. Qxd4 Bc5 20. Qh4 d4 21. Qg3 dxc3 22. Qxc3 Qb6 23. Re2 Bd4 24. Qg3 Bd5 25. Rc1 Re6 26. Nd3 Ne4 27. Qh2 Nxf2 28. Rxe6 fxe6 29. Nxf2 Bxf2+ 30. Kh1 Be1 31. Qe5 Qf2 32. Ne3 Qg3 0-1